[Event "Wloclawek CC Classic 09th"]
[Site "Wloclawek"]
[Date "2014.??.??"]
[Round "6"]
[White "Augustowski, Janusz"]
[Black "Felski, Krzysztof"]
[Result "1-0"]
[WhiteElo "1819"]
[BlackElo "1800"]
[PlyCount "103"]
[EventDate "2014.03.??"]
[EventType "swiss"]
[EventRounds "7"]
[EventCountry "POL"]
[SourceTitle "EXT 2021"]
[Source "ChessBase"]
[SourceDate "2020.10.23"]
[SourceVersion "1"]
[SourceVersionDate "2020.10.23"]
[SourceQuality "1"]

1. d4 d5 2. Nf3 Nf6 3. g3 b6 4. Bg2 Bb7 5. 0-0 g6 6. c4 dxc4 7. Qa4+ Nc6 8. Ne5 Nd7 9. Bxc6 Bxc6 10. Qxc6 Rb8 11. Nxd7 Qxd7 12. Qxd7+ Kxd7 13. Nc3 c6 14. Bf4 Ra8 15. e4 Bg7 16. Rad1 e6 17. e5 h6 18. h4 f6 19. exf6 Bxf6 20. Be5 Rhf8 21. Ne4 Be7 22. Bg7 Rg8 23. Bxh6 b5 24. Bg5 a5 25. Rfe1 a4 26. Bxe7 Kxe7 27. Nc5 b4 28. Rxe6+ Kf7 29. Rxc6 a3 30. b3 c3 31. Nd3 Rgd8 32. Rc4 Rab8 33. Nxb4 Rdc8 34. Rxc8 Rxc8 35. Nc2 Ra8 36. Re1 Rd8 37. Re3 Rc8 38. Kf1 Kf6 39. Ke2 Kf5 40. Kd1 Kf6 41. b4 Kf7 42. Nxa3 Rd8 43. Nc2 Rc8 44. a4 Ra8 45. a5 Rc8 46. a6 Ra8 47. b5 Rb8 48. Re5 Ra8 49. Ke2 Kf6 50. Kd3 Rc8 51. a7 Ra8 52. b6 1-0

[Event "Wloclawek CC Classic 11th"]
[Site "Wloclawek"]
[Date "2014.??.??"]
[Round "1"]
[White "Felski, Krzysztof"]
[Black "Augustowski, Janusz"]
[Result "1/2-1/2"]
[WhiteElo "1800"]
[BlackElo "1794"]
[PlyCount "128"]
[EventDate "2014.06.??"]
[EventType "swiss"]
[EventRounds "7"]
[EventCountry "POL"]
[SourceTitle "EXT 2021"]
[Source "ChessBase"]
[SourceDate "2020.10.23"]
[SourceVersion "1"]
[SourceVersionDate "2020.10.23"]
[SourceQuality "1"]

1. d4 Nf6 2. Nf3 d5 3. c4 e6 4. Bg5 Be7 5. e3 h6 6. Bh4 0-0 7. Bd3 b6 8. Bxf6 Bxf6 9. cxd5 exd5 10. 0-0 Qe7 11. a3 c5 12. dxc5 bxc5 13. Nc3 Be6 14. Qc2 Nd7 15. Rfd1 Rfc8 16. Bf5 Rab8 17. Nxd5 Bxd5 18. Rxd5 Nb6 19. Rd2 Rd8 20. Rad1 Rxd2 21. Rxd2 Rd8 22. b3 g6 23. Bd3 Kg7 24. h3 Qe6 25. Bf1 Rxd2 26. Nxd2 Qe5 27. Nc4 Nxc4 28. Qxc4 Qd6 29. g3 g5 30. Qa4 Qe7 31. b4 cxb4 32. Qxb4 Qxb4 33. axb4 Be7 34. b5 Bc5 35. Kg2 f5 36. Kf3 Kf6 37. g4 Ke5 38. gxf5 Kxf5 39. Bd3+ Ke5 40. Kg4 Kf6 41. h4 gxh4 42. Kxh4 Bb6 43. Kg4 Bc5 44. Kf4 Bd6+ 45. Ke4 Bc5 46. f4 Ke6 47. Kf3 Kf6 48. e4 Bd4 49. Kg4 Be3 50. e5+ Ke6 51. Bf5+ Kf7 52. Kf3 Bc1 53. Ke4 Ke7 54. Bg4 Bb2 55. Kd5 Bc1 56. f5 Bb2 57. f6+ Kf7 58. Bh5+ Kf8 59. Ke6 Bd4 60. f7 Bc5 61. Kd5 Be3 62. Kd6 Bg5 63. e6 Bf6 64. Kc6 Ke7 1/2-1/2

[Event "Wloclawek CC Classic 10th"]
[Site "Wloclawek"]
[Date "2014.??.??"]
[Round "1"]
[White "Jeziorny, Janusz"]
[Black "Felski, Krzysztof"]
[Result "1-0"]
[WhiteElo "1752"]
[BlackElo "1800"]
[PlyCount "83"]
[EventDate "2014.04.??"]
[EventType "swiss"]
[EventRounds "7"]
[EventCountry "POL"]
[SourceTitle "EXT 2021"]
[Source "ChessBase"]
[SourceDate "2020.10.23"]
[SourceVersion "1"]
[SourceVersionDate "2020.10.23"]
[SourceQuality "1"]

1. e4 e5 2. Nf3 Nc6 3. Bb5 a6 4. Ba4 Nf6 5. Bxc6 dxc6 6. d3 Bd6 7. Nbd2 Bg4 8. h3 Bh5 9. Nf1 Qd7 10. Ng3 Bxf3 11. Qxf3 h6 12. Nf5 Bf8 13. Nxh6 0-0-0 14. Nf5 g6 15. Ne3 Qe6 16. Bd2 Kb8 17. g4 Bh6 18. Ke2 c5 19. Bc3 Bxe3 20. fxe3 Nd7 21. b3 f6 22. a4 b6 23. Rag1 g5 24. Qf5 Qxf5 25. exf5 Rde8 26. Be1 e4 27. h4 exd3+ 28. cxd3 gxh4 29. Rxh4 Rxh4 30. Bxh4 Rh8 31. Bg3 Kb7 32. Kf3 Kc6 33. e4 Re8 34. Bf4 b5 35. axb5+ axb5 36. g5 fxg5 37. Rxg5 Nf8 38. Rg7 Nd7 39. Rg6+ Kb7 40. f6 Ne5+ 41. Bxe5 Rxe5 42. f7 1-0

[Event "Wloclawek CC Classic 10th"]
[Site "Wloclawek"]
[Date "2014.??.??"]
[Round "5"]
[White "Lapinski, Jerzy"]
[Black "Felski, Krzysztof"]
[Result "1/2-1/2"]
[WhiteElo "1800"]
[BlackElo "1800"]
[PlyCount "85"]
[EventDate "2014.04.??"]
[EventType "swiss"]
[EventRounds "7"]
[EventCountry "POL"]
[SourceTitle "EXT 2021"]
[Source "ChessBase"]
[SourceDate "2020.10.23"]
[SourceVersion "1"]
[SourceVersionDate "2020.10.23"]
[SourceQuality "1"]

1. d4 d5 2. Nf3 Nf6 3. e3 e6 4. Bd3 Nc6 5. c3 Bd6 6. Nbd2 e5 7. dxe5 Nxe5 8. Nxe5 Bxe5 9. Nf3 Bd6 10. h3 0-0 11. 0-0 Re8 12. Re1 c5 13. Bb5 Bd7 14. Bxd7 Qxd7 15. Bd2 b5 16. a3 a5 17. Qc2 Ne4 18. Red1 Bc7 19. Be1 Qc6 20. Qb3 Rad8 21. Qc2 a4 22. b3 axb3 23. Qxb3 Nf6 24. Rab1 Rb8 25. Qc2 h6 26. Qd3 Red8 27. Rb2 Bd6 28. Qe2 Re8 29. Rdb1 c4 30. Ra2 Ra8 31. Nd4 Qd7 32. Nxb5 Reb8 33. a4 Be5 34. Qc2 Ne4 35. f4 Bf6 36. Rd1 Nc5 37. Rda1 Nxa4 38. Rxa4 Rxa4 39. Rxa4 Qxb5 40. Rb4 Qe8 41. Rxb8 Qxb8 42. Qd2 Qa8 43. Qc1 1/2-1/2

[Event "Wloclawek CC Classic 07th"]
[Site "Wloclawek"]
[Date "2013.??.??"]
[Round "1"]
[White "Cichocki, Konrad"]
[Black "Felski, Krzysztof"]
[Result "1-0"]
[WhiteElo "1958"]
[BlackElo "1600"]
[PlyCount "89"]
[EventDate "2013.04.??"]
[EventType "swiss"]
[EventRounds "7"]
[EventCountry "POL"]
[SourceTitle "EXT 2021"]
[Source "ChessBase"]
[SourceDate "2020.10.23"]
[SourceVersion "1"]
[SourceVersionDate "2020.10.23"]
[SourceQuality "1"]

1. e4 e5 2. Bc4 Nf6 3. d4 Nxe4 4. dxe5 Qe7 5. Qd5 Nc5 6. Be3 Ne6 7. Nc3 c6 8. Qd2 d5 9. exd6 Qxd6 10. Qe2 Be7 11. Nf3 0-0 12. 0-0 Bf6 13. Rad1 Qe7 14. Rfe1 b6 15. Ne4 Nd7 16. Qd2 Ne5 17. Nxf6+ Qxf6 18. Nxe5 Qxe5 19. f4 Qf6 20. Qd6 Bb7 21. Qd7 Rab8 22. Bxe6 fxe6 23. Bd4 Qf7 24. Qxe6 Qxe6 25. Rxe6 c5 26. Be5 Rbd8 27. Rxd8 Rxd8 28. Re7 Rd1+ 29. Kf2 Be4 30. Rxg7+ Kf8 31. Ke3 Bxc2 32. Rxa7 b5 33. g4 Rd3+ 34. Ke2 Rh3 35. f5 Rh4 36. Kd2 Bb1 37. Kc1 Be4 38. Bd6+ Kg8 39. f6 Bd5 40. Rg7+ Kh8 41. Be5 Bf7 42. Rxf7 Kg8 43. Rg7+ Kf8 44. Bd6+ Ke8 45. f7+ 1-0

[Event "Wloclawek CC Classic 07th"]
[Site "Wloclawek"]
[Date "2013.??.??"]
[Round "4"]
[White "Felski, Krzysztof"]
[Black "Rafalski, Kacper"]
[Result "0-1"]
[WhiteElo "1600"]
[BlackElo "1000"]
[PlyCount "113"]
[EventDate "2013.04.??"]
[EventType "swiss"]
[EventRounds "7"]
[EventCountry "POL"]
[SourceTitle "EXT 2021"]
[Source "ChessBase"]
[SourceDate "2020.10.23"]
[SourceVersion "1"]
[SourceVersionDate "2020.10.23"]
[SourceQuality "1"]

1. d4 Nf6 2. Nf3 d5 3. c4 e6 4. Bg5 h6 5. Bh4 Be7 6. Bxf6 Bxf6 7. g3 Nc6 8. cxd5 exd5 9. Bg2 0-0 10. 0-0 Re8 11. e3 Bg4 12. Nc3 Qd7 13. Qb3 Be6 14. Rfe1 b6 15. Rac1 Na5 16. Qc2 Bf5 17. e4 dxe4 18. Nxe4 Bxe4 19. Rxe4 Rxe4 20. Qxe4 Re8 21. Qd3 c5 22. d5 Bxb2 23. Rb1 Bf6 24. Re1 Rxe1+ 25. Nxe1 Nb7 26. Nc2 Be7 27. Ne3 Nd6 28. Be4 Qa4 29. Nf5 Qxe4 30. Qxe4 Nxe4 31. Nxe7+ Kf8 32. Nc6 a5 33. Kf1 Ke8 34. f3 Nc3 35. a3 Nxd5 36. Ke2 f6 37. Na7 Nc7 38. Nc8 Nb5 39. Nxb6 Nxa3 40. Kd3 Kd8 41. Na4 c4+ 42. Kc3 Nb1+ 43. Kxc4 Nd2+ 44. Kb5 Nxf3 45. h3 Ng5 46. h4 Ne4 47. g4 Nf2 48. g5 fxg5 49. hxg5 hxg5 50. Kc5 g4 51. Kd4 g3 52. Ke3 Ne4 53. Kf3 Ke7 54. Nb2 Kf6 55. Nd3 a4 56. Kxe4 g2 57. Nf2 0-1

[Event "Wloclawek CC Classic 06th"]
[Site "Wloclawek"]
[Date "2013.??.??"]
[Round "3"]
[White "Lebiedzinski, Maciej"]
[Black "Felski, Krzysztof"]
[Result "0-1"]
[WhiteElo "1800"]
[BlackElo "1600"]
[PlyCount "84"]
[EventDate "2013.03.??"]
[EventType "swiss"]
[EventRounds "7"]
[EventCountry "POL"]
[SourceTitle "EXT 2021"]
[Source "ChessBase"]
[SourceDate "2020.10.23"]
[SourceVersion "1"]
[SourceVersionDate "2020.10.23"]
[SourceQuality "1"]

1. e4 e5 2. Nf3 Nc6 3. Bc4 Nf6 4. d3 Be7 5. 0-0 0-0 6. a3 d6 7. h3 Be6 8. Ba2 Bxa2 9. Rxa2 d5 10. exd5 Qxd5 11. Nc3 Qe6 12. b3 Rfd8 13. Qe1 h6 14. Bb2 a6 15. Ra1 Bc5 16. Na4 Bd4 17. Qe2 b5 18. Nc3 Nd5 19. Nxd4 Nxd4 20. Qd2 Nf4 21. f3 Qf5 22. Kh2 Qg6 23. Rae1 Re8 24. Ne4 f5 25. Bxd4 fxe4 26. Rxe4 exd4 27. Qxf4 c5 28. Rfe1 Rf8 29. Qe5 Qc6 30. Rg4 Ra7 31. Qe6+ Qxe6 32. Rxe6 Kh7 33. Rgg6 a5 34. Kg3 a4 35. Ra6 Rfa8 36. Rxa7 Rxa7 37. Rb6 b4 38. axb4 a3 39. bxc5 a2 40. c6 a1Q 41. b4 Qe1+ 42. Kh2 Qe5+ 0-1

[Event "Wloclawek CC Classic 08th"]
[Site "Wloclawek"]
[Date "2013.??.??"]
[Round "5"]
[White "Lebiedzinski, Maciej"]
[Black "Felski, Krzysztof"]
[Result "1/2-1/2"]
[WhiteElo "1800"]
[BlackElo "1600"]
[PlyCount "88"]
[EventDate "2013.06.??"]
[EventType "swiss"]
[EventRounds "7"]
[EventCountry "POL"]
[SourceTitle "EXT 2021"]
[Source "ChessBase"]
[SourceDate "2020.10.23"]
[SourceVersion "1"]
[SourceVersionDate "2020.10.23"]
[SourceQuality "1"]

1. e4 e5 2. Nf3 Nc6 3. Bc4 Nf6 4. Nc3 Be7 5. 0-0 d6 6. h3 0-0 7. d4 exd4 8. Nxd4 Re8 9. Be3 a6 10. Qf3 Ne5 11. Qe2 Nxc4 12. Qxc4 Bf8 13. Qd3 c5 14. Nde2 b5 15. Ng3 Bb7 16. Rad1 Qe7 17. Nd5 Nxd5 18. exd5 Qe5 19. b3 Qf6 20. c4 b4 21. Nh5 Qg6 22. Nf4 Qxd3 23. Nxd3 g6 24. Bc1 Bg7 25. a3 bxa3 26. Bxa3 a5 27. Rfe1 Rxe1+ 28. Rxe1 Kf8 29. Nxc5 dxc5 30. Bxc5+ Kg8 31. Re7 Bf8 32. Rxb7 Bxc5 33. Rc7 Bd6 34. Rc6 Be5 35. c5 a4 36. bxa4 Rxa4 37. g3 Rd4 38. d6 f5 39. Rc7 Bxd6 40. cxd6 Rxd6 41. Kg2 Rd3 42. g4 fxg4 43. hxg4 g5 44. f3 h6 1/2-1/2

[Event "Wloclawek CC Classic 03rd"]
[Site "Wloclawek"]
[Date "2012.??.??"]
[Round "6"]
[White "Felski, Krzysztof"]
[Black "Cichocki, Konrad"]
[Result "0-1"]
[WhiteElo "1600"]
[BlackElo "2004"]
[PlyCount "84"]
[EventDate "2012.02.??"]
[EventType "swiss"]
[EventRounds "7"]
[EventCountry "POL"]
[SourceTitle "EXT 2021"]
[Source "ChessBase"]
[SourceDate "2020.10.23"]
[SourceVersion "1"]
[SourceVersionDate "2020.10.23"]
[SourceQuality "1"]

1. d4 Nf6 2. c4 e6 3. Bg5 d5 4. e3 c6 5. cxd5 exd5 6. Nf3 Qa5+ 7. Nc3 Ne4 8. Qc2 Bf5 9. Bd3 Na6 10. a3 Nb4 11. Qd1 Nxd3+ 12. Qxd3 Ng3 13. Qd2 Nxh1 14. Kf1 Bd6 15. Kg1 Nxf2 16. Kxf2 0-0 17. h3 Qc7 18. Bf4 Rae8 19. Bxd6 Qxd6 20. Re1 Be4 21. Qe2 Qf6 22. Kg1 Bxf3 23. Qxf3 Qxf3 24. gxf3 Re6 25. Kf2 f5 26. f4 Rfe8 27. Kf3 Kf7 28. Nd1 b6 29. Nf2 c5 30. Nd3 cxd4 31. Ne5+ Rxe5 32. fxe5 Rxe5 33. h4 Rxe3+ 34. Rxe3 dxe3 35. Kxe3 Ke6 36. b4 Ke5 37. a4 a6 38. b5 axb5 39. axb5 d4+ 40. Kd3 Kd5 41. h5 g6 42. hxg6 hxg6 0-1

[Event "Wloclawek CC Classic 05th"]
[Site "Wloclawek"]
[Date "2012.??.??"]
[Round "5"]
[White "Felski, Krzysztof"]
[Black "Cichocki, Konrad"]
[Result "0-1"]
[WhiteElo "1600"]
[BlackElo "1979"]
[PlyCount "106"]
[EventDate "2012.06.??"]
[EventType "swiss"]
[EventRounds "7"]
[EventCountry "POL"]
[SourceTitle "EXT 2021"]
[Source "ChessBase"]
[SourceDate "2020.10.23"]
[SourceVersion "1"]
[SourceVersionDate "2020.10.23"]
[SourceQuality "1"]

1. d4 Nf6 2. c4 g6 3. g3 c6 4. Bg2 Bg7 5. Nf3 0-0 6. Nc3 d5 7. cxd5 Nxd5 8. 0-0 Nxc3 9. bxc3 Nd7 10. e4 Qa5 11. Qb3 e5 12. Bd2 exd4 13. cxd4 Qb6 14. Be3 Re8 15. e5 Qxb3 16. axb3 f6 17. Bh3 fxe5 18. Bxd7 Bxd7 19. dxe5 Bg4 20. Kg2 a6 21. Bd4 Rad8 22. Rad1 Bxf3+ 23. Kxf3 Bxe5 24. Rfe1 Bxd4 25. Rxe8+ Rxe8 26. Rxd4 Kf7 27. h4 Re5 28. b4 Ke6 29. g4 c5 30. bxc5 Rxc5 31. Ke4 b5 32. f4 a5 33. Rd8 b4 34. f5+ gxf5+ 35. gxf5+ Rxf5 36. Re8+ Kd7 37. Rb8 Kc7 38. Rg8 Rh5 39. Rg4 Kc6 40. Kd4 Kb5 41. Kd3 a4 42. Kc2 Rc5+ 43. Kb2 a3+ 44. Kb3 Rc3+ 45. Ka2 Rc2+ 46. Ka1 b3 47. Rg5+ Kb4 48. Rg4+ Rc4 49. Rg1 Rxh4 50. Kb1 a2+ 51. Kb2 Rh2+ 52. Ka1 Ka3 53. Rg2 Rh1+ 0-1

[Event "Wloclawek-ch"]
[Site "Wloclawek"]
[Date "2012.??.??"]
[Round "6"]
[White "Felski, Krzysztof"]
[Black "Lapinski, Jerzy"]
[Result "1-0"]
[WhiteElo "1600"]
[BlackElo "1800"]
[PlyCount "93"]
[EventDate "2012.09.??"]
[EventType "swiss"]
[EventRounds "9"]
[EventCountry "POL"]
[SourceTitle "EXT 2021"]
[Source "ChessBase"]
[SourceDate "2020.10.23"]
[SourceVersion "1"]
[SourceVersionDate "2020.10.23"]
[SourceQuality "1"]

1. d4 d5 2. c4 Nf6 3. cxd5 Nxd5 4. e4 Nf6 5. Nc3 c6 6. Nf3 e6 7. Bg5 Be7 8. Be2 Nbd7 9. 0-0 0-0 10. Qb3 h6 11. Bh4 g5 12. Bg3 Nh5 13. Nd2 Nxg3 14. fxg3 Qc7 15. Rac1 e5 16. Bh5 Qb6 17. Bxf7+ Kg7 18. Ne2 exd4 19. Qe6 Nf6 20. Qxe7 Rxf7 21. Qc5 Qxb2 22. Qxd4 Qxd4+ 23. Nxd4 Bg4 24. h3 Bh5 25. Nf5+ Kh7 26. Nd6 Rff8 27. Nxb7 Rac8 28. Nd6 Rc7 29. e5 Nd7 30. e6 Rxf1+ 31. Kxf1 Ne5 32. N2e4 Bg6 33. Nf6+ Kg7 34. Nfe8+ Kf8 35. Nxc7 Ke7 36. Nf7 Nxf7 37. exf7 Bxf7 38. Rxc6 Kd7 39. Rc3 Bxa2 40. Nb5 a6 41. Nd4 Bd5 42. Kf2 Kd6 43. Nf5+ Ke5 44. Rc5 Ke4 45. g4 Ba2 46. Ra5 Bc4 47. Nd6+ 1-0

[Event "Wloclawek CC Classic 05th"]
[Site "Wloclawek"]
[Date "2012.??.??"]
[Round "7"]
[White "Felski, Krzysztof"]
[Black "Wieckowska, Oliwia"]
[Result "1-0"]
[WhiteElo "1600"]
[BlackElo "1100"]
[PlyCount "49"]
[EventDate "2012.06.??"]
[EventType "swiss"]
[EventRounds "7"]
[EventCountry "POL"]
[SourceTitle "EXT 2021"]
[Source "ChessBase"]
[SourceDate "2020.10.23"]
[SourceVersion "1"]
[SourceVersionDate "2020.10.23"]
[SourceQuality "1"]

1. d4 d5 2. c4 c6 3. cxd5 cxd5 4. Nf3 Nf6 5. Nc3 Nc6 6. g3 e6 7. Bg2 Bd6 8. Bg5 h6 9. Bxf6 Qxf6 10. 0-0 0-0 11. e4 Re8 12. e5 Qe7 13. exd6 Qxd6 14. Re1 e5 15. Nxe5 Nxe5 16. Rxe5 Rxe5 17. dxe5 Qxe5 18. Qxd5 Qxd5 19. Nxd5 Be6 20. Nc7 Rd8 21. Nxe6 fxe6 22. Rc1 b6 23. Bh3 e5 24. Rc8 Rxc8 25. Bxc8 1-0

[Event "Wloclawek CC Classic 03rd"]
[Site "Wloclawek"]
[Date "2012.??.??"]
[Round "5"]
[White "Milecki, Robert"]
[Black "Felski, Krzysztof"]
[Result "1-0"]
[WhiteElo "1800"]
[BlackElo "1600"]
[PlyCount "119"]
[EventDate "2012.02.??"]
[EventType "swiss"]
[EventRounds "7"]
[EventCountry "POL"]
[SourceTitle "EXT 2021"]
[Source "ChessBase"]
[SourceDate "2020.10.23"]
[SourceVersion "1"]
[SourceVersionDate "2020.10.23"]
[SourceQuality "1"]

1. e4 e5 2. Nf3 Nc6 3. d4 exd4 4. Nxd4 Nf6 5. Nxc6 bxc6 6. Bg5 Be7 7. Bd3 d6 8. 0-0 0-0 9. Nd2 h6 10. Bh4 Bg4 11. f3 Bh5 12. Qe1 Nh7 13. Bxe7 Qxe7 14. f4 g5 15. fxg5 Nxg5 16. Qh4 Qe5 17. Qxh5 Kg7 18. Rf5 Qd4+ 19. Kh1 f6 20. Nf3 Nxf3 21. Rxf3 Rf7 22. Rg3+ Kf8 23. Qxh6+ Ke7 24. Rg7 Raf8 25. Rxf7+ Rxf7 26. Rb1 Qe5 27. b3 a5 28. Rf1 Rf8 29. Qh7+ Rf7 30. Qf5 Qxf5 31. Rxf5 Rg7 32. Rxa5 Kd7 33. Rf5 c5 34. Rxf6 Ke7 35. Rf5 Rg8 36. a4 Ra8 37. h4 Rh8 38. h5 c6 39. Kh2 Ke6 40. g4 d5 41. exd5+ cxd5 42. Kg3 Ra8 43. Bb5 Rh8 44. Kf4 Rh7 45. Bc6 d4 46. Rxc5 Kd6 47. Rc4 Rf7+ 48. Kg5 Rg7+ 49. Kh4 Ke5 50. Bf3 Kf4 51. Bd1 Ke3 52. h6 Rh7 53. Kh5 Re7 54. g5 Ke4 55. Be2 Kd5 56. Bd3 Ke5 57. h7 Re8 58. Rc6 Kd5 59. Rg6 Re1 60. Rh6 1-0

[Event "Wloclawek CC Classic-B 02nd"]
[Site "Wloclawek"]
[Date "2011.??.??"]
[Round "5"]
[White "Bedzinski, Marian"]
[Black "Felski, Krzysztof"]
[Result "1-0"]
[WhiteElo "1600"]
[BlackElo "1600"]
[PlyCount "117"]
[EventDate "2011.09.??"]
[EventType "tourn"]
[EventRounds "13"]
[EventCountry "POL"]
[SourceTitle "EXT 2021"]
[Source "ChessBase"]
[SourceDate "2020.10.23"]
[SourceVersion "1"]
[SourceVersionDate "2020.10.23"]
[SourceQuality "1"]

1. d4 d5 2. e3 e6 3. a3 Nf6 4. c4 a5 5. Nc3 c5 6. cxd5 exd5 7. Qa4+ Bd7 8. Bb5 Bxb5 9. Qxb5+ Qd7 10. Qxd7+ Nbxd7 11. Nf3 Bd6 12. Nb5 Ke7 13. 0-0 Rhc8 14. Bd2 Ne4 15. Bc3 Nxc3 16. bxc3 h6 17. Rab1 b6 18. Rfe1 Bc7 19. a4 Kf8 20. Rbd1 cxd4 21. cxd4 Bd8 22. Rc1 Be7 23. h3 Rc4 24. Rxc4 dxc4 25. Rc1 Rc8 26. Rc2 Bb4 27. e4 f6 28. Nh4 c3 29. f3 Nb8 30. Nf5 Nc6 31. Kf2 g6 32. Nxh6 Kg7 33. Ng4 f5 34. Ne3 fxe4 35. fxe4 Rf8+ 36. Ke2 Re8 37. Kd3 Rd8 38. Nd5 Kf7 39. Nxb6 Bc5 40. Nd5 Rxd5 41. exd5 Nb4+ 42. Kxc3 Nxc2 43. Kxc2 Bb4 44. Kd3 Kf6 45. Ke4 g5 46. d6 Ke6 47. d5+ Kd7 48. Ke5 Be1 49. Kf5 Bd2 50. Kg4 Be3 51. h4 gxh4 52. Kxh4 Bf4 53. g4 Bxd6 54. Nxd6 Kxd6 55. g5 Kxd5 56. g6 Ke6 57. Kg5 Ke7 58. Kh6 Kf8 59. Kh7 1-0

[Event "Wloclawek-ch"]
[Site "Wloclawek"]
[Date "2011.??.??"]
[Round "4"]
[White "Felski, Krzysztof"]
[Black "Konefal, Leszek"]
[Result "1-0"]
[WhiteElo "1600"]
[BlackElo "1600"]
[PlyCount "77"]
[EventDate "2011.05.??"]
[EventType "swiss"]
[EventRounds "9"]
[EventCountry "POL"]
[SourceTitle "EXT 2021"]
[Source "ChessBase"]
[SourceDate "2020.10.23"]
[SourceVersion "1"]
[SourceVersionDate "2020.10.23"]
[SourceQuality "1"]

1. d4 Nf6 2. c4 e5 3. dxe5 Ng4 4. Bf4 Nc6 5. Nf3 Bb4+ 6. Bd2 Bxd2+ 7. Qxd2 Ngxe5 8. Nxe5 Nxe5 9. e3 0-0 10. Be2 d6 11. 0-0 b6 12. Nc3 Bb7 13. e4 a6 14. b3 Qf6 15. Nd5 Bxd5 16. cxd5 Qg6 17. Qe3 f5 18. f4 Ng4 19. Bxg4 Qxg4 20. h3 Qg6 21. exf5 Qxf5 22. Qe6+ Qf7 23. f5 Rfe8 24. Qxf7+ Kxf7 25. Rae1 Re5 26. Rxe5 dxe5 27. Kf2 Rd8 28. Rd1 Rd6 29. Ke3 c6 30. Ke4 Kf6 31. g4 h6 32. h4 c5 33. g5+ hxg5 34. hxg5+ Kxg5 35. Kxe5 Rd8 36. d6 Re8+ 37. Kd5 Kxf5 38. d7 Re2 39. d8Q 1-0

[Event "Wloclawek-ch"]
[Site "Wloclawek"]
[Date "2011.??.??"]
[Round "2"]
[White "Felski, Krzysztof"]
[Black "Kulinski, Krzysztof"]
[Result "0-1"]
[WhiteElo "1600"]
[BlackElo "2099"]
[PlyCount "51"]
[EventDate "2011.05.??"]
[EventType "swiss"]
[EventRounds "9"]
[EventCountry "POL"]
[SourceTitle "EXT 2021"]
[Source "ChessBase"]
[SourceDate "2020.10.23"]
[SourceVersion "1"]
[SourceVersionDate "2020.10.23"]
[SourceQuality "1"]

1. d4 Nf6 2. c4 g6 3. Nc3 Bg7 4. e4 0-0 5. f3 d6 6. Be3 Nc6 7. Nge2 a6 8. d5 Ne5 9. Qb3 Nd3+ 10. Kd2 Nc5 11. Bxc5 dxc5 12. Kc2 c6 13. Rd1 cxd5 14. Nxd5 Nxd5 15. Rxd5 Qc7 16. Nc3 Be6 17. Rd2 b5 18. Nd5 Bxd5 19. exd5 bxc4 20. Qxc4 Rfb8 21. b3 Rb4 22. Qe2 a5 23. g3 a4 24. Rd3 axb3+ 25. Rxb3 Rxa2+ 26. Kd3 0-1